| 000 | 01634cam a22003731 4500 | ||
|---|---|---|---|
| 001 | chinalandofcharm00shan | ||
| 003 | CaSfIA | ||
| 005 | 20210117223808.0 | ||
| 007 | cr|||| | ||
| 008 | 771118s1964 cc a 000 0 eng | ||
| 010 | _a 65008067 | ||
| 040 |
_aDLC _cOCP _dDLC _dNLGGC _dBTCTA _dSMI _dCaSfIA |
||
| 019 |
_a8502867 _a23321940 |
||
| 035 |
_a(OCoLC)3430945 _z(OCoLC)8502867 _z(OCoLC)23321940 |
||
| 043 | _aa-cc--- | ||
| 050 | 0 | 0 |
_aDS711 _b.S4533 |
| 082 | 0 | 4 |
_a915.044 _bqS528 |
| 084 |
_a74.21 _2bcl |
||
| 110 | 2 | _aShanghai ren min mei shu chu ban she. | |
| 245 | 1 | 0 |
_aChina, _h[electronic resource] _bland of charm and beauty. |
| 246 | 3 | 0 | _aChina, land of charm and beauty. |
| 260 |
_aShanghai, _bShanghai People's Fine Arts Pub. House, _c1964. |
||
| 300 |
_a216 p. _b(chiefly illus. (part col.)) _c30 cm. |
||
| 500 | _aIn colophon: Chiang shan ju tzu to chiao. Shang-hai jen min mei shu chu pan she pien chi. | ||
| 651 | 0 |
_aChina _vPictorial works. |
|
| 856 | 4 | 1 |
_uhttp://www.archive.org/details/chinalandofcharm00shan _zFree eBook from the Internet Archive |
| 856 | 4 | 2 |
_uhttp://www.openlibrary.org/books/OL5938693M _zAdditional information and access via Open Library |
| 029 | 1 |
_aNLGGC _b187550573 |
|
| 029 | 1 |
_aAU@ _b000001364842 |
|
| 029 | 1 |
_aAU@ _b000026210483 |
|
| 942 | _cEB | ||
| 506 | _fНеобхідна авторизація на https://archive.org/ (створення облікового запису безкоштовно) | ||
| 506 | _fНеобхідна авторизація на https://openlibrary.org/ (створення облікового запису безкоштовно) | ||
| 999 |
_c480485 _d480485 |
||